|
|
|
|
| LEADER |
00000cam a2200000 7i4500 |
| 001 |
0000026821 |
| 005 |
20160413.0 |
| 008 |
160412 my v may |
| 040 |
|
|
|a INS
|
| 090 |
0 |
0 |
|a VCD 2394
|
| 245 |
0 |
0 |
|a Majlis Perasmian Premis LPPEH, Pelancaran Malaysian Valuation Standards & Penyampaian Sijil Certified Business
|c Dirasmikan oleh YB Datuk Chua Tee Yong, Timb. Menteri Kewangan Malaysia [
|h cakera video] :
|b 8 September 2015
|
| 260 |
|
|
|a Kuala Lumpur :
|b Lembaga Penilai, Pentaksir dan Ejen Harta Tanah ,
|c 2015
|
| 300 |
|
|
|a 1 cakera video (24 minit.) :
|b by., wrn. ;
|c 4 3/4 in.
|
| 650 |
|
0 |
|a Valuation
|x Stabdards
|z Malaysia
|
| 710 |
1 |
|
|a Jabatan Penilaian dan Perkhidmatan Harta
|
| 710 |
1 |
|
|a Lembaga Penilai, Pentaksir dan Ejen Harta Tanah
|
| 999 |
|
|
|a VCD0002394
|b VIDEO CD
|c Media Collection
|e Default branch
|